000 01666nam a22002657a 4500
999 _c313
_d313
003 OSt
005 20190606191310.0
008 160301b xxu||||| |||| 00| 0 esp d
040 _cDO-SdBHA
_aDO-SdBHA
_bspa
090 _aTG EGES
_b00300 2010
100 1 _aDe la Cruz Piña, Franklin
_esustentante
245 1 0 _aIntegración operacional de las Fuerzas Armadas Dominicanas en Operaciones de Mantenimiento de Paz, 2000-2009 /
_c Franklin De la Cruz Piña; Junior García Gómez ; asesores Francisco Avalo Núñez, Fanny Torres
260 _aSanto Domingo :
_bINSUDE,
_c2010
300 _a103 hojas, ilustraciones
502 _aTesis (Especialidad en Comando y Estado Mayor Conjunto). -- Instituto Superior para la Defensa (INSUDE). Escuela de Graduados de Educación Superior “General Juan Pablo Duarte y Díez”, 2010.
504 _aIncluye referencias bibliográficas e índices
505 _aMarco jurídico que regula la participación de las Fuerzas Armadas en diferentes operaciones. -- Participación de las Fuerzas Armadas en OMP. -- Nuevas tareas y entrenamiento para OMP. -- Preparación de desplazamiento de una unidad de OMP de las FFAA de la Rep. Dom. donde la asigne la ONU-CFAC.
651 4 _aRepública Dominicana -- Fuerzas Armadas -- Misiones de Paz
651 4 _aRepública Dominicana -- Operaciones Mantenimiento de Paz
700 1 _aGarcía Gómez, Junior
_esustentante
700 1 _aAvalo Núñez, Francisco
_easesor
700 1 _aTorres, Fanny
_easesor
830 _aINSUDE. Escuela de Graduados de Educación Superior “General Juan Pablo Duarte y Díez”. Tesis y disertaciones académicas
942 _2CL
_cT